| 000 | 00891nam a2200229 i 4500 | ||
|---|---|---|---|
| 001 | 68791 | ||
| 003 | ES-MaACL | ||
| 005 | 20250909230542.0 | ||
| 007 | t| | ||
| 008 | 960415s1874 sp f |||| | spa d | ||
| 080 | _a159.9(02) | ||
| 100 | 1 |
_aGiner de los Ríos, Francisco, _d1839-1915 _957122 |
|
| 245 | 1 | 0 |
_aLecciones sumarias de psicología : _bexplicadas en la Escuela de Institutrices de Madrid por Francisco Giner de los Ríos / _cy expuestas por Eduardo Soler y Alfredo Calderón. |
| 260 |
_aMadrid : _b[s.n.], _c1874 ( _fImp. de J. Noguera, a cargo de M. Martínez) |
||
| 300 |
_a239 p. ; _c18 cm. |
||
| 650 | 7 |
_aPsicología _2embne _916540 |
|
| 700 | 1 |
_aSoler y Pérez, Eduardo, _d1845-1907 _9140371 |
|
| 700 | 1 |
_aCalderón, Alfredo, _d1850-1907 _933593 |
|
| 710 | 2 |
_aEscuela de Institutrices (Madrid) _9147288 |
|
| 852 |
_aES-MaACL _jT-294-F-1 |
||
| 999 |
_c68791 _d68791 |
||